Sport and modernity /
Saved in:
| Main Author: | |
|---|---|
| Format: | Book |
| Language: | English |
| Published: |
Cambridge, UK ; Malden, MA :
Polity Press,
2017.
|
| Subjects: | |
| Tags: |
Add Tag
No Tags, Be the first to tag this record!
|
| LEADER | 01984cam a2200409 i 4500 | ||
|---|---|---|---|
| 001 | 13073827 | ||
| 005 | 20180223094230.0 | ||
| 008 | 170419s2017 enk b 001 0 eng | ||
| 010 | |a 2017006632 | ||
| 024 | |a 99975316380 | ||
| 035 | |a (OCoLC)ocn969426110 | ||
| 040 | |a DLC |b eng |e rda |c DLC |d YDX |d BDX |d BTCTA |d OCLCO |d OCLCF |d YDX | ||
| 020 | |a 9781509501564 |q hardcover | ||
| 020 | |a 1509501568 |q hardcover | ||
| 020 | |a 9781509501571 |q paperback | ||
| 020 | |a 1509501576 |q paperback | ||
| 035 | |a (OCoLC)969426110 | ||
| 042 | |a pcc | ||
| 050 | 0 | 0 | |a GV706.5 |b .G785 2017 |
| 082 | 0 | 0 | |a 306.4/83 |2 23 |
| 100 | 1 | |a Gruneau, Richard S., |d 1948- |e author. | |
| 245 | 1 | 0 | |a Sport and modernity / |c Richard Gruneau. |
| 264 | 1 | |a Cambridge, UK ; |a Malden, MA : |b Polity Press, |c 2017. | |
| 300 | |a x, 246 pages ; |c 24 cm | ||
| 336 | |a text |b txt |2 rdacontent | ||
| 337 | |a unmediated |b n |2 rdamedia | ||
| 338 | |a volume |b nc |2 rdacarrier | ||
| 505 | 0 | |a Athletics, body imagery and spectacle : Greco-Roman practices, discourses and ideologies -- The politics of representation : English sport as an object and project of modernity -- "Staging" (capitalist/colonial) modernity : international exhibitions and Olympics -- German modernism, anti-modernism and the critical theory of sport -- A savage sorting of "winners" and "losers" : modernization, development, sport, and the challenge of slums. | |
| 504 | |a Includes bibliographical references and index. | ||
| 650 | 0 | |a Sports |x Sociological aspects. | |
| 650 | 0 | |a Sports |x Philosophy. | |
| 650 | 0 | |a Civilization, Modern |x Philosophy. | |
| 650 | 7 | |a Civilization, Modern |x Philosophy. |2 fast |0 (OCoLC)fst00863096 | |
| 650 | 7 | |a Sports |x Philosophy. |2 fast |0 (OCoLC)fst01130484 | |
| 650 | 7 | |a Sports |x Sociological aspects. |2 fast |0 (OCoLC)fst01130532 | |
| 776 | 0 | 8 | |i Online version: |a Gruneau, Richard S., 1948- author. |t Sport and modernity |d Cambridge, UK ; Malden, MA, USA : Polity Press, [2017] |z 9781509501595 |w (DLC) 2017033906 |
| 852 | 0 | 0 | |b glx |h GV706.5 |i .G785 2017 |


